Представление документа в формате MARC21

Поле Инд. ПП Название Значение
Тип записи m
Библиографический уровень m
001 Контрольный номер 44aeb46d80464e6692ff0ece542c0c47
005 Дата корректировки 20250122094052.0
008 Кодируемые данные 241216|||||||||ru |||||||||||||||||rus||
020 a ISBN 978-5-907905-12-2
040 a Служба первич. каталог. DE
b Код языка каталог. rus
e Правила каталог. PSBO
084 a Индекс другой классификации/Индекс ББК 65.049(2Рос)
203 a Вид содержания Текст
c Тип средства электронный
245 10 a Заглавие Состояние и перспективы научно-технологической деятельности в Арктике на 2024 г.
b Продолж. заглавия информационно-аналитическое издание
c Ответственность Министерство науки и высшего образования Российской Федерации, Федеральное государственное автономное образовательное учреждение высшего образования "Мурманский арктический университет" ; ответственный редактор Г. Г. Гогоберидзе
h Физич. носитель Электронный ресурс
260 a Место издания Мурманск
b Издательство МАУ
c Дата издания 2024
300 a Объем 94 с.
b Иллюстрации/ тип воспроизводства диагр., табл.
500 a Примечание Электрон. текстовые дан. (1 файл : 864 Кб)
500 a Примечание URL: https://elib.mauniver.ru/2024/Mn_24_05.pdf
500 a Примечание Доступ из локальной сети Мурманского арктического университета. - Загл. с титул. экрана
500 a Примечание Имеется печ. аналог 2024 г.
520 0_ a Аннотация Информационно-аналитическое издание содержит сведения о проведении научных исследований и реализации научно-технологических проектов в Арктической зоне Российской Федерации в 2024 г. Издание предназначено для руководителей федеральных, региональных и муниципальных органов исполнительной власти, научных фондов, иных организаций и агентств, принимающих решения в области управления научными и научно-технологическими исследованиями в российском секторе Арктики, а также для широкого круга руководящих работников в различных отраслях российской экономики. Работы проводились в рамках реализации проекта государственного задания Министерства науки и высшего образования Российской Федерации, паспорт проекта № 5522-24
583 x Служебное примечание Полнотекстовые документы
653 0_ a Ключевые слова Электронные версии
700 12 a Другие авторы Гогоберидзе Г. Г.
e Роль лиц Составитель
700 12 a Другие авторы Румянцева Е. А.
e Роль лиц Составитель
700 12 a Другие авторы Ефименко Е. А.
e Роль лиц Составитель
700 12 a Другие авторы Лазарева И. М.
e Роль лиц Составитель
700 12 a Другие авторы Ляш И. И.
e Роль лиц Составитель
700 12 a Другие авторы Скалабан Е. В.
e Роль лиц Составитель
700 12 a Другие авторы Шестов Ю. В.
e Роль лиц Составитель
700 12 a Другие авторы Уксусов М. А.
e Роль лиц Составитель
700 12 a Другие авторы Позднякова Е. Р.
e Роль лиц Составитель
856 40 u URL https://elib.mauniver.ru/2024/Mn_24_05.pdf
901 t Тип документа m